| 000 | 00651nam a2200217Ia 4500 | ||
|---|---|---|---|
| 005 | 20250108125040.0 | ||
| 008 | 008 250107s9999 xx 000 0 hin d | ||
| 020 | _a978-93-91045-92-0 | ||
| 037 | _aTB | ||
| 040 |
_aCRL _bhin _cCRL |
||
| 041 |
_ahin _2hin |
||
| 084 | _aR65,6:g 152Q2 | ||
| 084 | _qCRL | ||
| 245 | 0 | _aईशादि नौ उपनिषद्: शाšरभाष्यार्थ | |
| 260 |
_aगोरखपुर, भारत _bगीताप्रेस _c3151 |
||
| 300 | _a1360पृ0 | ||
| 365 |
_aINR _b520 |
||
| 650 | _aधर्म | ||
| 942 |
_cTB _hR65,6:g 152Q2 |
||
| 999 |
_c1235539 _d1235539 |
||